| 000 | 00922nam a2200241 i 4500 | ||
|---|---|---|---|
| 001 | 182420 | ||
| 003 | ES-MaACL | ||
| 005 | 20251104171558.0 | ||
| 008 | 130813s1988 sp a | |||||||| | spa d | ||
| 080 | _a73 Armenta Deu, Almudena (083.824) | ||
| 100 | 1 |
_aArmenta Deu, Almudena, _d1957- _9153232 |
|
| 245 | 1 | 0 |
_aAlmudena Armenta : _bMadrid, mayo-junio 1988 : [Galería Víctor Martín] / _c[texto, Dionisio Cañas]. |
| 260 |
_aMadrid : _bGalería Víctor Martín, _cD.L. 1988. |
||
| 300 |
_a[20] p. : _bprincipalmente il. col. y n. ; _c27 cm. |
||
| 546 | _aTexto en español y traducción al inglés. | ||
| 600 | 1 | 7 |
_aArmenta Deu, Almudena, _d1957- _vExposiciones _2 _9153233 |
| 655 | 7 |
_2tgfbne _9193628 _aCatálogos de exposiciones |
|
| 700 | 1 |
_aCañas, Dionisio, _d1949- _9148731 |
|
| 710 | 2 |
_aGalería Víctor Martín. _94448 |
|
| 852 |
_aES-MaACL _j2324-F-3 |
||
| 942 | _2udc | ||
| 999 |
_c182420 _d182420 |
||